| 000 | 008450000a22001090004500 | ||
|---|---|---|---|
| 100 | 1 | _aStam, Juan | |
| 245 | 1 | 0 | _aExperimentos en la enseñanza del Apocalipsis |
| 300 | _aVol.59, núm.271 (Julio-Agosto, 2004), Páginas 20-24 | ||
| 500 | _aJuan Stam es costarricense y está doctorado en teología por la Universidad de Basilea, Suiza. Por muchos años fue profesor del Seminario Bíblico Latinoamericano (Hoy UBL), de la Universidad Nacional Autónoma de Costa Rica y de otras instituciones teológicas en San José. Desde su jubilación ha viajado intensamente por América Latina dando charlas y cursos sobre Biblia y fe en el mundo contemporáneo. Es autor de muchos artículos y varios libros, en especial, el comentario a Apocalipsis de la serie "Comentario Bíblico Iberoamericano" | ||
| 773 | 0 | _tLa Biblia de las Américas | |
| 942 | _cANA | ||
| 999 |
_c60276 _d60276 |
||